[Event "Mid Bohemia Region-chT 2223"]
[Site "Czech Republic"]
[Date "2022.11.13"]
[Round "3.5"]
[White "Plasek, Zdenek"]
[Black "Richter, Martin1111"]
[Result "0-1"]
[WhiteElo "1937"]
[BlackElo "1924"]
[PlyCount "143"]
[EventDate "2022.10.09"]
[EventType "team-tourn"]
[EventRounds "11"]
[EventCountry "CZE"]
[SourceTitle "EXT 2024"]
[Source "ChessBase"]
[SourceDate "2023.10.10"]
[SourceVersion "1"]
[SourceVersionDate "2023.10.10"]
[SourceQuality "1"]
[WhiteTeam "Kostelec nad CL"]
[BlackTeam "Bakov nad Jizerou II"]
[WhiteTeamCountry "CZE"]
[BlackTeamCountry "CZE"]

1. Nf3 Nf6 2. d4 e6 3. g3 b6 4. Bg2 Bb7 5. 0-0 d5 6. Bf4 Bd6 7. Qc1 Bxf4 8. Qxf4 Qd6 9. Qxd6 cxd6 10. Rd1 Nbd7 11. Nbd2 Rc8 12. Ne1 0-0 13. Rac1 Ba6 14. Bf1 e5 15. e3 Bxf1 16. Kxf1 e4 17. c4 Rc7 18. cxd5 Rfc8 19. Rxc7 Rxc7 20. Ke2 b5 21. Rb1 Nb6 22. f3 exf3+ 23. Kxf3 Nfxd5 24. e4 Nb4 25. a3 Nc2 26. Nxc2 Rxc2 27. Ke3 Nc4+ 28. Nxc4 bxc4 29. h4 g6 30. d5 c3 31. b4 Rg2 32. Kd4 Rxg3 33. Rc1 Rg4 34. Rxc3 f5 35. Rc8+ Kg7 36. Rc7+ Kf6 37. Rxh7 Rxe4+ 38. Kd3 Ke5 39. h5 gxh5 40. Rxh5 Rd4+ 41. Kc3 Rxd5 42. a4 Ke4 43. Rh7 a6 44. Kc4 Rd4+ 45. Kc3 Rd3+ 46. Kc4 d5+ 47. Kc5 Rc3+ 48. Kb6 Rc4 49. b5 axb5 50. Kxb5 Rc1 51. Re7+ Kd4 52. a5 f4 53. a6 f3 54. a7 Ra1 55. Kc6 f2 56. Rf7 Rxa7 57. Rxf2 Ra6+ 58. Kb5 Ra8 59. Rd2+ Ke4 60. Kb4 Rc8 61. Re2+ Kd3 62. Re7 d4 63. Kb3 Rb8+ 64. Ka4 Kd2 65. Re6 d3 66. Re7 Kd1 67. Re6 d2 68. Re7 Rb2 69. Ka3 Rc2 70. Kb3 Kc1 71. Ra7 d1Q 72. Ra1+ 0-1

[Event "Mid Bohemia Region-chT 2223"]
[Site "Czech Republic"]
[Date "2022.10.09"]
[Round "1.4"]
[White "Dolezal, Vit"]
[Black "Plasek, Zdenek"]
[Result "1/2-1/2"]
[WhiteElo "1975"]
[BlackElo "1937"]
[PlyCount "91"]
[EventDate "2022.10.09"]
[EventType "team-tourn"]
[EventRounds "11"]
[EventCountry "CZE"]
[SourceTitle "EXT 2024"]
[Source "ChessBase"]
[SourceDate "2023.10.10"]
[SourceVersion "1"]
[SourceVersionDate "2023.10.10"]
[SourceQuality "1"]
[WhiteTeam "Odolena Voda Aero"]
[BlackTeam "Kostelec nad CL"]
[WhiteTeamCountry "CZE"]
[BlackTeamCountry "CZE"]

1. e4 c5 2. Nf3 d6 3. d4 cxd4 4. Nxd4 Nf6 5. Nc3 a6 6. Bc4 e6 7. Bb3 Be7 8. 0-0 0-0 9. Kh1 Nc6 10. f4 Qc7 11. f5 Nxd4 12. Qxd4 Ng4 13. Bf4 Rd8 14. Qd1 Nf6 15. fxe6 Bxe6 16. Nd5 Bxd5 17. exd5 Qd7 18. Qf3 Qg4 19. Rae1 Rd7 20. Qxg4 Nxg4 21. h3 Ne5 22. Bxe5 dxe5 23. Rxe5 Bf6 24. Re2 Bxb2 25. c4 Ba3 26. Rd1 Rad8 27. g3 Re7 28. Rxe7 Bxe7 29. Kg2 Bd6 30. Re1 Kf8 31. Ba4 Rb8 32. Bd7 Rd8 33. Ba4 Rb8 34. Rb1 Bc5 35. Bc6 b6 36. a4 a5 37. Re1 h5 38. Kf3 Rd8 39. g4 hxg4+ 40. hxg4 g6 41. Ke4 Be7 42. Rb1 Bc5 43. Rd1 Be7 44. Rd3 Bc5 45. Rd2 Kg7 46. Rb2 1/2-1/2

[Event "CZE-ch Amateur"]
[Site "Luhacovice"]
[Date "2022.03.14"]
[Round "4"]
[White "Lorenc, Tomas"]
[Black "Plasek, Zdenek"]
[Result "1-0"]
[WhiteElo "2183"]
[BlackElo "1914"]
[PlyCount "77"]
[EventDate "2022.03.12"]
[EventType "swiss"]
[EventRounds "9"]
[EventCountry "CZE"]
[SourceTitle "EXT 2023"]
[Source "ChessBase"]
[SourceDate "2022.10.05"]
[SourceVersion "1"]
[SourceVersionDate "2022.10.05"]
[SourceQuality "1"]

1. c4 e6 2. g3 Nf6 3. Bg2 d5 4. Nf3 Be7 5. 0-0 0-0 6. d3 c6 7. Nbd2 b6 8. Rb1 Qc7 9. b4 Nbd7 10. Bb2 Re8 11. Qc2 a5 12. a3 axb4 13. axb4 Qb8 14. Nd4 Bb7 15. c5 bxc5 16. bxc5 Qc7 17. N2b3 Bf8 18. Rfd1 e5 19. Nf5 Ba6 20. Bc1 Bb5 21. d4 Ba4 22. dxe5 Nxe5 23. Bf4 Nh5 24. Qd2 Bxb3 25. Rxb3 Bxc5 26. Rc1 Qa7 27. Bxe5 Rxe5 28. Qg5 Bxf2+ 29. Kh1 Be3 30. Nh6+ Kf8 31. Qxe5 Bxc1 32. Qd6+ Qe7 33. Qxc6 Rd8 34. Qxc1 gxh6 35. Qxh6+ Ng7 36. Qxh7 Qxe2 37. Qh8+ Ke7 38. Qh4+ Kf8 39. Qxd8+ 1-0

[Event "Prague Menchik Memorial Rapid"]
[Site "Prague"]
[Date "2021.09.28"]
[Round "9"]
[White "Niesner, Ondrej"]
[Black "Plasek, Zdenek"]
[Result "0-1"]
[WhiteElo "1826"]
[BlackElo "1957"]
[PlyCount "140"]
[EventDate "2021.09.28"]
[EventType "swiss (rapid)"]
[EventRounds "9"]
[EventCountry "CZE"]
[SourceTitle "CBM 204 Extra"]
[Source "ChessBase"]
[SourceDate "2021.11.30"]
[SourceVersion "1"]
[SourceVersionDate "2021.11.30"]
[SourceQuality "1"]

1. b3 e5 2. Bb2 Bd6 3. e4 Qe7 4. Nc3 c6 5. Nf3 Bc7 6. d4 d6 7. Qd2 Nf6 8. h3 exd4 9. Qxd4 0-0 10. 0-0-0 Nbd7 11. Nh4 Bb6 12. Nf5 Qe5 13. Qxe5 Nxe5 14. f4 Ng6 15. g3 Bxf5 16. exf5 Ne7 17. Rxd6 Nxf5 18. Rd3 Bf2 19. g4 Nh4 20. Nd1 Bb6 21. c4 Ne4 22. Rh2 Rad8 23. Kc2 Rxd3 24. Bxd3 Nc5 25. Bf1 Re8 26. Re2 Rxe2+ 27. Bxe2 f6 28. b4 Nd7 29. c5 Bc7 30. Bc1 Ng2 31. Bc4+ Kf8 32. f5 Nf4 33. Bxf4 Bxf4 34. Nf2 Bc7 35. Ne4 Ke7 36. a4 Ne5 37. Be2 a6 38. a5 Nf7 39. Kd3 Ng5 40. Bf1 Nxe4 41. Kxe4 Bg3 42. Kd4 Be1 43. Kc4 g6 44. Bd3 Kf7 45. Be4 Kg7 46. Bd3 Kh6 47. fxg6 hxg6 48. Be4 Kg5 49. Bg2 Kf4 50. Bf1 Kg3 51. Kd4 Bxb4 52. Ke4 Bxc5 53. Kd3 Bb4 54. Kc4 Bxa5 55. Kc5 g5 56. Kd6 Kf2 57. Bc4 Kg2 58. Ke6 Bc3 59. h4 gxh4 60. g5 fxg5 61. Kf5 h3 62. Kg4 h2 63. Bf1+ Kxf1 64. Kg3 h1Q 65. Kg4 Qe4+ 66. Kh5 g4 67. Kh4 g3+ 68. Kg5 g2 69. Kh5 Qf5+ 70. Kh4 Be1# 0-1

[Event "Prague Menchik Memorial Rapid"]
[Site "Prague"]
[Date "2021.09.28"]
[Round "2"]
[White "Plasek, Zdenek"]
[Black "Eret, Matous"]
[Result "0-1"]
[WhiteElo "1957"]
[BlackElo "2265"]
[PlyCount "108"]
[EventDate "2021.09.28"]
[EventType "swiss (rapid)"]
[EventRounds "9"]
[EventCountry "CZE"]
[SourceTitle "CBM 204 Extra"]
[Source "ChessBase"]
[SourceDate "2021.11.30"]
[SourceVersion "1"]
[SourceVersionDate "2021.11.30"]
[SourceQuality "1"]

1. Nf3 Nf6 2. d4 d6 3. c4 Nbd7 4. Nc3 e5 5. e4 Be7 6. Be2 0-0 7. 0-0 a5 8. Re1 c6 9. Rb1 Qc7 10. g3 Re8 11. b3 Bf8 12. Bf1 g6 13. Be3 Ng4 14. Bg5 h6 15. Bc1 Bg7 16. Bb2 exd4 17. Nxd4 Nc5 18. f3 Ne5 19. Be2 h5 20. a3 Qb6 21. Kg2 h4 22. f4 h3+ 23. Kh1 Ned3 24. Bxd3 Bxd4 25. Bc2 Bg7 26. Ba1 Qc7 27. b4 axb4 28. axb4 Nd7 29. Na4 Nf6 30. Bd4 Ng4 31. Kg1 Nf6 32. Nb6 Ra2 33. Ra1 Bg4 34. Qb1 Rxa1 35. Qxa1 Nh5 36. Bb3 Qxb6 37. Bxb6 Bxa1 38. Rxa1 Rxe4 39. Ra8+ Kh7 40. Rb8 Re1+ 41. Kf2 Re2+ 42. Kf1 Rxh2 43. Rxb7 Rb2 44. Ba4 h2 45. Bxc6 Nxg3+ 46. Ke1 Re2+ 47. Kd1 Re4+ 48. Kd2 h1Q 49. Bxe4 Nxe4+ 50. Ke3 Qf3+ 51. Kd4 Qxf4 52. Kd3 Bf5 53. Be3 Nc5+ 54. Ke2 Qg4+ 0-1

[Event "Ricany op"]
[Site "Ricany"]
[Date "2020.08.25"]
[Round "5"]
[White "Plasek, Zdenek"]
[Black "Stanek, Ondrej1111"]
[Result "0-1"]
[WhiteElo "1967"]
[BlackElo "2074"]
[PlyCount "59"]
[EventDate "2020.08.22"]
[EventType "swiss"]
[EventRounds "9"]
[EventCountry "CZE"]
[SourceTitle "CBM 198 Extra"]
[Source "ChessBase"]
[SourceDate "2020.11.30"]
[SourceVersion "1"]
[SourceVersionDate "2020.11.30"]
[SourceQuality "1"]

1. c4 e5 2. Nc3 Nf6 3. e4 Nc6 4. g3 Bc5 5. Bg2 d6 6. h3 Be6 7. d3 a6 8. Nge2 0-0 9. 0-0 Nd7 10. Nd5 Nd4 11. Nxd4 Bxd4 12. Ne3 b5 13. Qe2 Nb6 14. Nd5 c6 15. Nxb6 Qxb6 16. Rb1 a5 17. b3 a4 18. Bb2 axb3 19. axb3 Ra6 20. Qc2 Rfa8 21. Rfd1 Ra2 22. Rd2 bxc4 23. dxc4 Rb8 24. Rd3 Qb4 25. Qc1 Bxb2 26. Rxb2 Rxb2 27. Qxb2 Bxc4 28. Rc3 Bb5 29. Qe2 Ra8 30. Qe1 0-1

[Event "SVK-ch rapid"]
[Site "Topolcany"]
[Date "2020.07.11"]
[Round "7"]
[White "Koval, Maros"]
[Black "Plasek, Zdenek"]
[Result "1-0"]
[WhiteElo "2094"]
[BlackElo "1946"]
[PlyCount "57"]
[EventDate "2020.07.11"]
[EventType "swiss (rapid)"]
[EventRounds "9"]
[EventCountry "SVK"]
[SourceTitle "CBM 197 Extra"]
[Source "ChessBase"]
[SourceDate "2020.09.30"]
[SourceVersion "1"]
[SourceVersionDate "2020.09.30"]
[SourceQuality "1"]

1. d4 Nf6 2. Nf3 d5 3. c3 e6 4. Bg5 Be7 5. Nbd2 0-0 6. e3 b6 7. Bd3 Bb7 8. Ne5 c5 9. f4 Nc6 10. Qf3 Rc8 11. 0-0 Re8 12. Bxf6 Bxf6 13. g4 Rc7 14. Nxc6 Bxc6 15. g5 Be7 16. Qh5 g6 17. Qh4 b5 18. Nf3 c4 19. Bc2 Bf8 20. Ne5 Bg7 21. Rf3 h5 22. Nxg6 fxg6 23. Bxg6 Kf8 24. f5 exf5 25. Rxf5+ Ke7 26. Rf7+ Kd6 27. Qf4+ Ke6 28. Rxc7 Rf8 29. Rxc6+ 1-0